=LDR 00000nam 2200000 4500 =001 000276 =005 20250710124223 =035 ##$$a 0010-0725000113 =007 ta =008 250710################a##########0#ind## =020 ##$$a 978-623-307-501-5 =082 ##$$a 398.209 598 =084 ##$$a 398.209 598 LIK a =100 #$$a Likkhena, Khim =245 1#$$a Asal Usul Ular Tikus Takberbisa /$c Khim Likkhena =250 ##$$a Cetakan Pertama =260 ##$$a Jakarta Timur :$b Badan Pengembangan dan Pembinaan Bahasa,$c 2024 =300 ##$$a 16 hlm. : $b Ilus. ; $c 21,5 cm =600 #4$$a cerita anak indonesia-terjemahan =600 #4$$a Literasi-Bahan Bacaan =856 ##$$a TBM As suhada =990 ##$$a TBM202400659